[Event "Plzen, JF C"]
[Site "?"]
[Date "1999.??.??"]
[Round "2.2"]
[White "Konopka, M."]
[Black "Sladek, J."]
[Result "1-0"]
[WhiteElo "2484"]
[BlackElo "2134"]
[PlyCount "41"]
[EventDate "1999.??.??"]
[Source "ChessBase"]
[SourceDate "1996.11.15"]

1. Nf3 d5 2. d4 Nf6 3. c4 e6 4. g3 c6 5. Qc2 Be7 6. Bg2 Nbd7 7. O-O O-O 8. Nbd2
Re8 9. Rd1 b6 10. e4 dxc4 11. Nxc4 Bb7 12. Ne3 Rc8 13. b3 c5 14. d5 exd5 15.
exd5 Bd6 16. Bb2 Ne4 17. Nh4 Ndf6 18. Nhf5 Qc7 19. Nxg7 Kxg7 20. Bxe4 Rxe4 21.
Qxe4 1-0

[Event "Plzen, JF C"]
[Site "?"]
[Date "1999.??.??"]
[Round "2.3"]
[White "Pinc, M."]
[Black "Volosin, L."]
[Result "0-1"]
[WhiteElo "2140"]
[BlackElo "2423"]
[PlyCount "84"]
[EventDate "1999.??.??"]
[Source "ChessBase"]
[SourceDate "1996.11.15"]

1. d4 Nf6 2. c4 e6 3. Nf3 Bb4+ 4. Bd2 Qe7 5. a3 Bxd2+ 6. Qxd2 d6 7. Nc3 O-O 8.
e4 e5 9. d5 a5 10. g3 Bg4 11. Bg2 a4 12. Qc2 Nbd7 13. Nd2 Nc5 14. O-O Nfd7 15.
f3 Bh5 16. Bh3 Bg6 17. Rae1 Nb6 18. Nd1 f6 19. Ne3 Be8 20. Bf5 c6 21. Kg2 cxd5
22. Nxd5 Nxd5 23. cxd5 g6 24. Bh3 Bb5 25. Nc4 Nb3 26. Re3 Bxc4 27. Qxc4 Nd2 28.
Qc2 Nxf1 29. Kxf1 f5 30. exf5 Qg5 31. Rc3 gxf5 32. Kg2 Rf7 33. Rc4 Kh8 34. f4
Qf6 35. Rxa4 Rxa4 36. Qxa4 exf4 37. Qc2 Qe5 38. Qc3 Qxc3 39. bxc3 fxg3 40. hxg3
Kg7 41. Kf2 Kf6 42. c4 b6 0-1

[Event "Plzen, JF C"]
[Site "?"]
[Date "1999.??.??"]
[Round "2.4"]
[White "Lechtynsky, J."]
[Black "Hrbolka, L jr"]
[Result "1-0"]
[WhiteElo "2365"]
[BlackElo "2099"]
[PlyCount "78"]
[EventDate "1999.??.??"]
[Source "ChessBase"]
[SourceDate "1996.11.15"]

1. Nf3 Nf6 2. c4 g6 3. Nc3 Bg7 4. d4 O-O 5. Bg5 d6 6. e3 Nbd7 7. Be2 c6 8. Qc2
Qc7 9. O-O e5 10. Rfd1 Re8 11. dxe5 dxe5 12. Nd2 Nf8 13. Bxf6 Bxf6 14. c5 Bf5
15. Bd3 Bxd3 16. Qxd3 Rad8 17. Qc2 Be7 18. b4 b6 19. cxb6 axb6 20. a3 Ne6 21.
Nc4 Rxd1+ 22. Rxd1 Rd8 23. Rxd8+ Nxd8 24. Qe4 Bd6 25. b5 f5 26. Qd3 Nf7 27.
bxc6 Qxc6 28. a4 Bc5 29. Qd5 Qc7 30. Qe6 Kg7 31. Nd5 Qd8 32. Nxe5 Nxe5 33.
Qxe5+ Kf7 34. g3 Bd6 35. Qd4 Bc5 36. Qc4 Kg7 37. Qc3+ Kf7 38. Qb3 Kg7 39. a5
bxa5 1-0

[Event "Plzen, JF C"]
[Site "?"]
[Date "1999.??.??"]
[Round "2.5"]
[White "Dolezal, R sr"]
[Black "Cech, P."]
[Result "0-1"]
[WhiteElo "2035"]
[BlackElo "2356"]
[PlyCount "34"]
[EventDate "1999.??.??"]
[Source "ChessBase"]
[SourceDate "1996.11.15"]

1. e4 e6 2. d4 d5 3. Nd2 Nf6 4. e5 Nfd7 5. f4 c5 6. c3 Nc6 7. Ndf3 Qb6 8. Ne2
f6 9. exf6 Nxf6 10. g3 cxd4 11. cxd4 Bb4+ 12. Kf2 Ne4+ 13. Kg1 e5 14. Nxe5 Nxe5
15. fxe5 O-O 16. Be3 Rf3 17. Qb3 Bd2 0-1

[Event "Plzen, JF C"]
[Site "?"]
[Date "1999.??.??"]
[Round "2.6"]
[White "Dolezal, R jr"]
[Black "Papay, J."]
[Result "1-0"]
[WhiteElo "2285"]
[BlackElo "2044"]
[PlyCount "117"]
[EventDate "1999.??.??"]
[Source "ChessBase"]
[SourceDate "1996.11.15"]

1. e4 e6 2. d4 d5 3. Nd2 Nf6 4. e5 Nfd7 5. f4 c5 6. c3 Nc6 7. Ndf3 a6 8. Bd3 b5
9. Ne2 Qb6 10. Be3 f6 11. Bf2 c4 12. Bc2 f5 13. g4 g6 14. gxf5 exf5 15. Bh4 Be7
16. Bxe7 Nxe7 17. a4 Bb7 18. axb5 axb5 19. Rxa8+ Bxa8 20. Kf2 Nf8 21. Qg1 Ne6
22. Ng5 h6 23. Nxe6 Qxe6 24. Qg3 Bb7 25. Ra1 Kd7 26. Qh4 Nc6 27. b4 Qe7 28. Qh3
Kc7 29. Ng1 g5 30. fxg5 Qxg5 31. Nf3 Qg7 32. Qxf5 Rf8 33. Qg6 Qe7 34. Rg1 Qh4+
35. Qg3 Qxg3+ 36. Rxg3 Bc8 37. Rg7+ Kd8 38. Rg6 Ne7 39. Rxh6 Bg4 40. Rf6 Rh8
41. Kg3 Rg8 42. Kf4 Bxf3 43. Kxf3 Rg1 44. Ke3 Re1+ 45. Kd2 Rh1 46. Rf2 Ke8 47.
Bd1 Rg1 48. Bh5+ Kd7 49. h3 Ra1 50. Rf3 Ra2+ 51. Ke3 Rc2 52. Kf4 Rd2 53. h4 Nc6
54. Bg4+ Ke7 55. h5 Nxd4 56. cxd4 Rxd4+ 57. Kf5 Kf7 58. h6 Kg8 59. Kg5 1-0

[Event "Plzen, JF C"]
[Site "?"]
[Date "1999.??.??"]
[Round "2.7"]
[White "Matejka, P."]
[Black "Civin, T."]
[Result "0-1"]
[WhiteElo "2083"]
[BlackElo "2278"]
[PlyCount "66"]
[EventDate "1999.??.??"]
[Source "ChessBase"]
[SourceDate "1996.11.15"]

1. e4 c5 2. Nc3 Nc6 3. Nf3 g6 4. d4 cxd4 5. Nxd4 Bg7 6. Be3 d6 7. Qd2 Nf6 8. f3
O-O 9. Bc4 Bd7 10. Bb3 Rc8 11. O-O-O Ne5 12. h4 h5 13. g4 hxg4 14. Bh6 Nc4 15.
Bxc4 Rxc4 16. Bxg7 Kxg7 17. h5 Rh8 18. hxg6 fxg6 19. Qg5 Rc5 20. Nd5 Nxd5 21.
exd5 e5 22. Qe3 Rh3 23. Nb3 Rxd5 24. Rdf1 Qh4 25. Rhg1 gxf3 26. Qxa7 Bc6 27.
Kb1 Qc4 28. Rf2 e4 29. Qb8 Re5 30. Qxd6 Qe6 31. Qc7+ Qe7 32. Qc8 e3 33. Rff1
Rhh5 0-1

[Event "Plzen, JF C"]
[Site "?"]
[Date "1999.??.??"]
[Round "2.8"]
[White "Snajdr, J."]
[Black "Brazdil, R."]
[Result "0-1"]
[WhiteElo "2022"]
[BlackElo "2183"]
[PlyCount "65"]
[EventDate "1999.??.??"]
[Source "ChessBase"]
[SourceDate "1996.11.15"]

1. d4 Nf6 2. c4 g6 3. Nc3 Bg7 4. e4 d6 5. Be2 O-O 6. Bg5 c5 7. Nf3 cxd4 8. Nxd4
Qa5 9. Bd2 Qb6 10. Nb3 Nc6 11. Be3 Qd8 12. h3 b6 13. O-O Bb7 14. Qd2 Rc8 15. f4
Nb8 16. Nd4 Ba6 17. Rad1 Bxc4 18. e5 Ne8 19. Bxc4 Rxc4 20. Qe2 Rc8 21. exd6
Bxd4 22. Rxd4 Nxd6 23. f5 Nc6 24. Rdd1 b5 25. Nd5 Re8 26. fxg6 hxg6 27. Qf2 Qd7
28. Qf4 Rcd8 29. Nc3 Qf5 30. Qh4 Qh5 31. Qf4 Qe5 32. Qxe5 Nxe5 33. Ne4 0-1

[Event "Plzen, JF C"]
[Site "?"]
[Date "1999.??.??"]
[Round "2.9"]
[White "Novotny, J."]
[Black "Falout, L."]
[Result "1-0"]
[WhiteElo "2178"]
[BlackElo "2129"]
[PlyCount "91"]
[EventDate "1999.??.??"]
[Source "ChessBase"]
[SourceDate "1996.11.15"]

1. e3 e5 2. d3 d5 3. Ne2 f5 4. g3 Nf6 5. Bg2 Nc6 6. Nd2 Be6 7. b3 Bd6 8. Bb2
Qd7 9. O-O O-O-O 10. c4 h5 11. Nc3 dxc4 12. Nxc4 h4 13. Rc1 Bxc4 14. bxc4 hxg3
15. hxg3 g5 16. Nd5 Qh7 17. Re1 Ng4 18. c5 Bf8 19. e4 Qh5 20. Qf3 Bg7 21. Qxf5+
Kb8 22. Ne3 Nh2 23. g4 Qh4 24. Qg6 Rdf8 25. Nf5 Qxg4 26. Re3 Nd4 27. Bxd4 exd4
28. Rg3 Qf4 29. Rb1 Be5 30. Qxg5 Qxg5 31. Rxg5 Bf4 32. Rg6 Rf7 33. Nxd4 Kc8 34.
e5 c6 35. e6 Rff8 36. e7 Rfg8 37. Rxg8+ Rxg8 38. Re1 Kd7 39. Re4 Bc7 40. Kh1
Ke8 41. Bh3 Rh8 42. Nf5 Kf7 43. Nd6+ Bxd6 44. cxd6 Ng4 45. e8=Q+ Rxe8 46. Bxg4
1-0

[Event "Plzen, JF C"]
[Site "?"]
[Date "1999.??.??"]
[Round "2.10"]
[White "Spal, M."]
[Black "Ungr, D."]
[Result "1-0"]
[WhiteElo "2175"]
[BlackElo "2008"]
[PlyCount "39"]
[EventDate "1999.??.??"]
[Source "ChessBase"]
[SourceDate "1996.11.15"]

1. e4 d6 2. d4 Nf6 3. Nc3 g6 4. f4 Bg7 5. Nf3 O-O 6. Bd3 Nc6 7. O-O e5 8. dxe5
dxe5 9. f5 Qe7 10. fxg6 fxg6 11. Kh1 Bg4 12. Qe1 Rad8 13. Bg5 h6 14. Nd5 Qd6
15. Nxf6+ Bxf6 16. Bxh6 Rf7 17. Qg3 Rh7 18. Bc4+ Kh8 19. Ng5 Bxg5 20. Bxg5 1-0

[Event "Plzen, JF C"]
[Site "?"]
[Date "1999.??.??"]
[Round "2.11"]
[White "Nosek, F."]
[Black "Jirka, J."]
[Result "0-1"]
[WhiteElo "1909"]
[BlackElo "2173"]
[PlyCount "82"]
[EventDate "1999.??.??"]
[Source "ChessBase"]
[SourceDate "1996.11.15"]

1. e4 e5 2. Nf3 Nc6 3. Bb5 Nd4 4. Nxd4 exd4 5. O-O Bc5 6. Bc4 Bb6 7. d3 Ne7 8.
Bg5 c6 9. Nd2 d6 10. f4 f6 11. Bh4 d5 12. exd5 cxd5 13. Bb5+ Kf7 14. Qh5+ g6
15. Qe2 Nf5 16. Bf2 Qc7 17. g4 Ne3 18. Bxe3 dxe3 19. Nb1 Bxg4 20. Qxg4 e2+ 21.
Kg2 exf1=Q+ 22. Kxf1 h5 23. Qd7+ Qxd7 24. Bxd7 Rad8 25. Ba4 Bc7 26. Bb3 Bxf4
27. Nc3 Bxh2 28. Bxd5+ Kg7 29. Re1 Rd7 30. Bc4 Be5 31. Nd1 g5 32. c3 g4 33. d4
Bf4 34. Re4 Bg5 35. Ne3 Bxe3 36. Rxe3 Kg6 37. Kg2 Kg5 38. Bb5 Rd6 39. Bd3 h4
40. Re7 h3+ 41. Kg3 f5 0-1

[Event "Plzen, JF C"]
[Site "?"]
[Date "1999.??.??"]
[Round "2.12"]
[White "Zelezny, J."]
[Black "Gross, S."]
[Result "1/2-1/2"]
[WhiteElo "1903"]
[BlackElo "2371"]
[PlyCount "51"]
[EventDate "1999.??.??"]
[Source "ChessBase"]
[SourceDate "1996.11.15"]

1. e4 c5 2. Nc3 Nc6 3. g3 e6 4. Bg2 Nf6 5. d3 Be7 6. f4 d5 7. exd5 exd5 8. Nf3
d4 9. Ne4 Nd5 10. O-O f5 11. Nf2 O-O 12. Re1 Qd6 13. Ne5 Bf6 14. Qf3 Nde7 15.
Nxc6 bxc6 16. b3 Be6 17. Nd1 Rae8 18. Nb2 Bd5 19. Qf2 Bxg2 20. Nc4 Qd7 21. Qxg2
Nd5 22. Rxe8 Rxe8 23. Bd2 Nb4 24. Bxb4 cxb4 25. Qf2 Qe6 26. a4 1/2-1/2

[Event "Plzen, JF C"]
[Site "?"]
[Date "1999.??.??"]
[Round "2.13"]
[White "Miskovsky, P."]
[Black "Hercik, J."]
[Result "1-0"]
[WhiteElo "2232"]
[BlackElo "1922"]
[PlyCount "79"]
[EventDate "1999.??.??"]
[Source "ChessBase"]
[SourceDate "1996.11.15"]

1. Nf3 d5 2. e3 c5 3. b3 Bg4 4. h3 Bh5 5. g4 Bg6 6. Ne5 Nf6 7. Bb2 Nbd7 8. Nxg6
hxg6 9. Bg2 e6 10. d3 Qc7 11. Nd2 Rc8 12. Qe2 a6 13. c4 Qa5 14. g5 Nh7 15. h4
Nb6 16. O-O Rd8 17. Nb1 Nc8 18. cxd5 Qc7 19. f4 exd5 20. Nc3 Nb6 21. a4 a5 22.
Nb5 Qd7 23. Bc3 c4 24. dxc4 dxc4 25. Rad1 Qc8 26. Rxd8+ Qxd8 27. bxc4 Nxa4 28.
Rd1 Qb6 29. Be5 Be7 30. Nc7+ Kf8 31. Nd5 Qe6 32. Nxe7 Kxe7 33. Qa2 Nb6 34. Qa3+
Ke8 35. Rd6 Qg4 36. Qxa5 Nxg5 37. fxg5 Rxh4 38. Qxb6 Qxg5 39. Qb5+ Kf8 40.
Bxg7+ 1-0

[Event "Plzen, JF C"]
[Site "?"]
[Date "1999.??.??"]
[Round "2.14"]
[White "Satransky, J."]
[Black "Cervinka, M."]
[Result "0-1"]
[WhiteElo "2182"]
[BlackElo "2044"]
[PlyCount "100"]
[EventDate "1999.??.??"]
[Source "ChessBase"]
[SourceDate "1996.11.15"]

1. e4 c6 2. d4 d5 3. exd5 cxd5 4. Bd3 Nc6 5. c3 Nf6 6. Bf4 Bg4 7. Qb3 Qd7 8.
Nd2 e6 9. Ngf3 a6 10. a4 Be7 11. Ne5 Qc8 12. Nxg4 Nxg4 13. Nf3 O-O 14. O-O Nf6
15. Rae1 Nh5 16. Bc1 Bd6 17. Ne5 Qc7 18. Qd1 g6 19. g4 Ng7 20. f4 f6 21. Nxc6
bxc6 22. b4 a5 23. Bd2 axb4 24. cxb4 Qa7 25. Bc3 Bxb4 26. Qd2 Qxd4+ 27. Bxd4
Bxd2 28. Ra1 Bxf4 29. a5 Be5 30. Bxe5 fxe5 31. Rfc1 Rfc8 32. Rc5 e4 33. Bf1 Kf7
34. Rb1 Rc7 35. Rb6 Ke7 36. a6 Kd6 37. Rc1 e5 38. Bb5 Rac8 39. Bxc6 Rxc6 40.
Rcxc6+ Rxc6 41. a7 Rxb6 42. a8=Q Ne6 43. Qa3+ Nc5 44. Kg2 d4 45. Qa5 Rc6 46.
Qd8+ Nd7 47. h4 d3 48. Qg5 Rc2+ 49. Kf1 Rh2 50. Ke1 e3 0-1

[Event "Plzen, JF C"]
[Site "?"]
[Date "1999.??.??"]
[Round "2.15"]
[White "Kovarik, J."]
[Black "Eretova, J."]
[Result "1-0"]
[WhiteElo "1851"]
[BlackElo "2177"]
[PlyCount "117"]
[EventDate "1999.??.??"]
[Source "ChessBase"]
[SourceDate "1996.11.15"]

1. e4 c5 2. Nf3 d6 3. d4 cxd4 4. Nxd4 Nf6 5. Nc3 a6 6. Be2 e5 7. Nb3 Be6 8. Be3
Be7 9. f3 O-O 10. Qd2 Nbd7 11. O-O Nb6 12. Rad1 d5 13. exd5 Nbxd5 14. Bf2 Qc7
15. Nxd5 Nxd5 16. c3 Nf4 17. Rfe1 b5 18. Bf1 Rfd8 19. Qe3 Rxd1 20. Rxd1 Nd5 21.
Qe1 Rb8 22. Nc1 Nf4 23. a3 h5 24. Nd3 Ng6 25. g3 Rd8 26. Nb4 Rxd1 27. Qxd1 Bxb4
28. axb4 Qe7 29. Bc5 Qg5 30. Kf2 h4 31. Be3 hxg3+ 32. hxg3 Qh5 33. Bg2 Qf5 34.
Qd8+ Kh7 35. Qd2 Bc4 36. Qd1 e4 37. f4 Ne5 38. Qh1+ Kg8 39. Bxe4 Nd3+ 40. Kg1
Qg4 41. Qh7+ Kf8 42. Qh8+ Ke7 43. Qh4+ Qxh4 44. gxh4 Nxb2 45. Bb7 Kf6 46. Kg2
Kf5 47. Kf3 Be6 48. Be4+ Kf6 49. Bd4+ Ke7 50. Bxg7 f6 51. f5 Bc4 52. Bh6 Nd3
53. Be3 Ne5+ 54. Kg3 Be2 55. Bb7 Kd6 56. Bd4 Bd3 57. Kf4 Be2 58. Bxe5+ fxe5+
59. Kg5 1-0

[Event "Plzen, JF C"]
[Site "?"]
[Date "1999.??.??"]
[Round "2.16"]
[White "Klatil, K."]
[Black "Hrbolka, L sr"]
[Result "0-1"]
[WhiteElo "2088"]
[BlackElo "2140"]
[PlyCount "74"]
[EventDate "1999.??.??"]
[Source "ChessBase"]
[SourceDate "1996.11.15"]

1. d4 Nf6 2. c4 g6 3. Nf3 Bg7 4. g3 O-O 5. Bg2 d6 6. Nc3 c6 7. O-O Nbd7 8. b3
Qc7 9. Bb2 e5 10. Qc2 Re8 11. e4 b6 12. Rad1 Bb7 13. d5 cxd5 14. cxd5 Ba6 15.
Rfe1 Rac8 16. Qb1 Qb7 17. Bf1 Bxf1 18. Kxf1 b5 19. Nd2 Rc7 20. a4 a6 21. axb5
axb5 22. Qd3 Rb8 23. f3 Nc5 24. Qe3 b4 25. Ncb1 Qb5+ 26. Re2 Bf8 27. Rc1 Rbc8
28. Kg2 Nfd7 29. Rf2 Nd3 30. Rxc7 Rxc7 31. Nc4 Nxf2 32. Kxf2 Qc5 33. Bc1 Ra7
34. Ke2 Ra2+ 35. Bb2 Rxb2+ 36. Nxb2 Qc2+ 37. Nd2 Qxb2 0-1

[Event "Plzen, JF C"]
[Site "?"]
[Date "1999.??.??"]
[Round "2.17"]
[White "Neuman, P."]
[Black "Vladyka, V."]
[Result "1-0"]
[WhiteElo "2384"]
[BlackElo "2082"]
[PlyCount "81"]
[EventDate "1999.??.??"]
[Source "ChessBase"]
[SourceDate "1996.11.15"]

1. e4 c5 2. f4 Nc6 3. Nf3 g6 4. Bb5 Bg7 5. Bxc6 bxc6 6. O-O Nh6 7. d3 O-O 8. c4
d6 9. Nc3 Bg4 10. h3 Bxf3 11. Qxf3 Qd7 12. f5 f6 13. Ne2 Nf7 14. d4 cxd4 15.
Nxd4 Nd8 16. b3 a6 17. Ba3 c5 18. Ne2 g5 19. e5 Qc6 20. e6 Qxf3 21. Rxf3 Nc6
22. g4 Rfb8 23. Nc3 Rb7 24. Kg2 Rab8 25. Rf2 Ne5 26. Rd2 Nc6 27. Na4 Nb4 28.
Bxb4 Rxb4 29. Rad1 Bf8 30. Kf3 R4b7 31. Ke4 Rc8 32. Nc3 Kg7 33. Rb1 a5 34. Rdb2
Rcb8 35. a3 h6 36. Nd5 a4 37. b4 cxb4 38. axb4 Rc8 39. Kd4 Ra8 40. Ra1 Rba7 41.
Ra3 1-0

[Event "Plzen, JF C"]
[Site "?"]
[Date "1999.??.??"]
[Round "2.18"]
[White "Michalek, J."]
[Black "Foglar, S."]
[Result "1-0"]
[WhiteElo "2330"]
[BlackElo "2026"]
[PlyCount "59"]
[EventDate "1999.??.??"]
[Source "ChessBase"]
[SourceDate "1996.11.15"]

1. e4 c5 2. Nf3 d6 3. d4 cxd4 4. Nxd4 Nf6 5. Nc3 Nc6 6. Bc4 e6 7. Be3 a6 8. Bb3
Qc7 9. f4 Be7 10. Qf3 O-O 11. O-O-O Nxd4 12. Bxd4 e5 13. fxe5 dxe5 14. Qg3 Bd6
15. Be3 Be6 16. Bg5 Ne8 17. Nd5 Bxd5 18. Rxd5 Kh8 19. Rhd1 f6 20. Be3 b5 21.
Qh3 Qe7 22. Kb1 Rb8 23. Bc5 f5 24. Bxd6 Nxd6 25. Rxd6 fxe4 26. a3 Rf1 27. Rxf1
Qxd6 28. Qe3 Qg6 29. Qc5 h6 30. Rf8+ 1-0

[Event "Plzen, JF C"]
[Site "?"]
[Date "1999.??.??"]
[Round "2.19"]
[White "Palkova, H."]
[Black "Korenova, M."]
[Result "0-1"]
[WhiteElo "2054"]
[BlackElo "2285"]
[PlyCount "138"]
[EventDate "1999.??.??"]
[Source "ChessBase"]
[SourceDate "1996.11.15"]

1. d4 Nf6 2. c4 g6 3. Nc3 Bg7 4. e4 d6 5. f3 O-O 6. Be3 Nc6 7. Nge2 a6 8. Qd2
Rb8 9. Nc1 e5 10. Nb3 exd4 11. Nxd4 Re8 12. Be2 Bd7 13. O-O b5 14. Nxc6 Bxc6
15. Rac1 bxc4 16. Bxc4 a5 17. b3 Nd7 18. Be2 Rb4 19. Rc2 Qa8 20. Rfc1 Nc5 21.
Nd1 Qb8 22. Kh1 Rd8 23. Qe1 a4 24. Bxc5 dxc5 25. Rxc5 axb3 26. axb3 Be8 27. Qg3
Bh6 28. Ra1 Bf8 29. Rc4 Rxb3 30. Qxc7 Qxc7 31. Rxc7 Bg7 32. Rac1 Rd2 33. Rc8
Rxe2 34. Rxe8+ Bf8 35. Kg1 Kg7 36. Kf1 Rd2 37. Rec8 Ba3 38. Ra1 Rbd3 39. Nf2
Rb3 40. Nd1 Rbd3 41. Nf2 Rb3 42. Nd1 Bd6 43. Rac1 Bxh2 44. R8c2 Rd7 45. Nf2 h5
46. Ke2 Bf4 47. Rd1 Re3+ 48. Kf1 Ra7 49. Re2 Rxe2 50. Kxe2 Ra2+ 51. Kf1 Be3 52.
Nd3 h4 53. Re1 Bd4 54. Rd1 f5 55. exf5 gxf5 56. Nf4 Be3 57. Nh3 Kf6 58. Re1 f4
59. Re2 Ra4 60. Rc2 Ke5 61. Ke2 Kd4 62. Nf2 Ra7 63. Rb2 Rg7 64. Kf1 Rd7 65. Ke2
Kc3 66. Ra2 Kb3 67. Ra6 Rd2+ 68. Ke1 Rxf2 69. Rg6 Ra2 0-1

[Event "Plzen, JF C"]
[Site "?"]
[Date "1999.??.??"]
[Round "2.20"]
[White "Novak, P."]
[Black "Cernik, L."]
[Result "1-0"]
[WhiteElo "2274"]
[BlackElo "1903"]
[PlyCount "79"]
[EventDate "1999.??.??"]
[Source "ChessBase"]
[SourceDate "1996.11.15"]

1. e4 d6 2. d4 Nf6 3. Nc3 g6 4. Bg5 Bg7 5. Nf3 Bg4 6. Qd2 c6 7. O-O-O O-O 8. h3
Bxf3 9. gxf3 b5 10. Ne2 Nbd7 11. Ng3 Qb6 12. Rg1 e6 13. Bh6 b4 14. Qg5 Bxh6 15.
Qxh6 Qa5 16. Kb1 Kh8 17. h4 Rg8 18. Qf4 e5 19. Qg5 Qb6 20. Bc4 d5 21. dxe5 dxc4
22. exf6 Nc5 23. Qh6 Rad8 24. e5 Na4 25. Ne4 Nc3+ 26. Nxc3 bxc3 27. b3 cxb3 28.
axb3 Qa5 29. Qe3 Rd5 30. Rxd5 cxd5 31. e6 Qa3 32. Qxc3 Qd6 33. Re1 d4 34. Qc4
Re8 35. Qb5 Qd8 36. e7 Qa8 37. Qc4 Kg8 38. Qxd4 Qxf3 39. Qd8 Qc6 40. Rd1 1-0

[Event "Plzen, JF C"]
[Site "?"]
[Date "1999.??.??"]
[Round "2.21"]
[White "Muller, O."]
[Black "Hlavnicka, J."]
[Result "0-1"]
[WhiteElo "2143"]
[BlackElo "2239"]
[PlyCount "80"]
[EventDate "1999.??.??"]
[Source "ChessBase"]
[SourceDate "1996.11.15"]

1. d4 Nf6 2. Nf3 g6 3. c4 Bg7 4. Nc3 d5 5. cxd5 Nxd5 6. e4 Nxc3 7. bxc3 O-O 8.
Be2 c5 9. Rb1 Nc6 10. d5 Ne5 11. Nxe5 Bxe5 12. Qd2 b6 13. O-O e6 14. f4 Bg7 15.
c4 exd5 16. exd5 Bd4+ 17. Kh1 Re8 18. Bb2 Bf5 19. Rbd1 Bxb2 20. Qxb2 Qd6 21.
Bd3 Bxd3 22. Rxd3 Re4 23. f5 Rae8 24. Qc1 Rh4 25. h3 Re2 26. Rdf3 f6 27. fxg6
hxg6 28. Qc3 f5 29. Rg3 Rd4 30. Qf3 Re5 31. Qh5 Kg7 32. Qf3 Rxc4 33. Rg5 Rce4
34. Qg3 Rxd5 35. Qxd6 Rxd6 36. Rfxf5 Kh6 37. Rd5 Rxd5 38. Rxd5 Re2 39. a3 Re3
40. a4 Ra3 0-1

[Event "Plzen, JF C"]
[Site "?"]
[Date "1999.??.??"]
[Round "2.22"]
[White "Koutecky, V."]
[Black "Cernousek, L."]
[Result "0-1"]
[WhiteElo "1962"]
[BlackElo "2203"]
[PlyCount "36"]
[EventDate "1999.??.??"]
[Source "ChessBase"]
[SourceDate "1996.11.15"]

1. e4 c5 2. Nf3 d6 3. Bb5+ Nc6 4. O-O e5 5. Re1 g6 6. c3 Bd7 7. d4 cxd4 8. cxd4
exd4 9. Bxc6 bxc6 10. Qxd4 f6 11. e5 dxe5 12. Nxe5 fxe5 13. Qxe5+ Kf7 14. Qxh8
Bg7 15. Qxh7 Bg4 16. Bh6 Nxh6 17. Nc3 Bf5 18. Re2 {#} g5 0-1

[Event "Plzen, JF C"]
[Site "?"]
[Date "1999.??.??"]
[Round "2.23"]
[White "Orsag, M."]
[Black "Korinek, B."]
[Result "1-0"]
[WhiteElo "2185"]
[BlackElo "1895"]
[PlyCount "37"]
[EventDate "1999.??.??"]
[Source "ChessBase"]
[SourceDate "1996.11.15"]

1. e4 e6 2. Nc3 d5 3. g3 Nf6 4. e5 Nfd7 5. f4 c5 6. d3 Nc6 7. Nf3 Be7 8. Bg2 a6
9. a4 f6 10. exf6 Nxf6 11. O-O O-O 12. Re1 Re8 13. Ng5 Bd6 14. f5 d4 15. Nce4
Nxe4 16. Bxe4 Be7 17. Qh5 Bxg5 18. Bxg5 Ne7 19. f6 1-0

[Event "Plzen, JF C"]
[Site "?"]
[Date "1999.??.??"]
[Round "2.24"]
[White "Kalista, K."]
[Black "Svarc, R."]
[Result "1/2-1/2"]
[WhiteElo "1881"]
[BlackElo "2180"]
[PlyCount "124"]
[EventDate "1999.??.??"]
[Source "ChessBase"]
[SourceDate "1996.11.15"]

1. Nf3 Nf6 2. c4 g6 3. b4 Bg7 4. Bb2 O-O 5. g3 d5 6. cxd5 Nxd5 7. Bxg7 Kxg7 8.
a3 c6 9. Bg2 a5 10. bxa5 Qxa5 11. O-O Bg4 12. Ne5 Be6 13. Nc4 Qc5 14. d3 Rd8
15. Qc2 Nd7 16. Qb2+ Kg8 17. Nbd2 b5 18. Ne4 Qa7 19. Ncd2 h6 20. Rfc1 Qb6 21.
d4 Ra6 22. Nb3 Ra7 23. Nec5 Nxc5 24. Nxc5 Bg4 25. h3 Bc8 26. Qc2 Nf6 27. e3 Rd6
28. Nd3 Ra4 29. Nb4 Bd7 30. Qc5 Qxc5 31. Rxc5 Nd5 32. Bxd5 cxd5 33. Nxd5 Rda6
34. Nc7 Rxa3 35. Rxa3 Rxa3 36. Nxb5 Rb3 37. Nc3 Bxh3 38. Kh2 Bg4 39. Kg2 Rb7
40. e4 Kf8 41. Nd5 Ke8 42. Ne3 Bd7 43. Kf3 Bb5 44. Rc8+ Kd7 45. Rh8 h5 46. Rf8
Ke6 47. Nd5 Bc6 48. Ne3 Kf6 49. Rc8 Bd7 50. Rc3 Kg5 51. Rc5+ Kf6 52. e5+ Kg7
53. Ke4 e6 54. Nc4 Rb8 55. Rc7 Rc8 56. Rxc8 Bxc8 57. Nd6 Bd7 58. Kf4 Bc6 59.
Kg5 Bf3 60. Ne8+ Kf8 61. Nf6 Kg7 62. Ne8+ Kf8 1/2-1/2

[Event "Plzen, JF C"]
[Site "?"]
[Date "1999.??.??"]
[Round "2.25"]
[White "Stehlik, J."]
[Black "Jenc, M."]
[Result "1/2-1/2"]
[WhiteElo "2125"]
[BlackElo "1871"]
[PlyCount "59"]
[EventDate "1999.??.??"]
[Source "ChessBase"]
[SourceDate "1996.11.15"]

1. Nf3 Nf6 2. d4 g6 3. Nbd2 Bg7 4. e4 d6 5. Bd3 O-O 6. O-O c5 7. c3 Qc7 8. Re1
Nc6 9. Nf1 Nd7 10. d5 Nce5 11. Nxe5 Nxe5 12. Be2 a6 13. f4 Nd7 14. Bf3 c4 15.
Be3 Nc5 16. Bxc5 Qxc5+ 17. Kh1 e6 18. Ne3 Rb8 19. Qe2 b5 20. a3 Bb7 21. Rad1
Rbd8 22. Nc2 Rfe8 23. Qd2 a5 24. g3 Kf8 25. Kg2 exd5 26. exd5 Bc8 27. g4 Rxe1
28. Rxe1 Re8 29. Rxe8+ Kxe8 30. h3 1/2-1/2

[Event "Plzen, JF C"]
[Site "?"]
[Date "1999.??.??"]
[Round "2.26"]
[White "Vojir, V sr"]
[Black "Chrz, P."]
[Result "0-1"]
[WhiteElo "1756"]
[BlackElo "2121"]
[PlyCount "76"]
[EventDate "1999.??.??"]
[Source "ChessBase"]
[SourceDate "1996.11.15"]

1. d4 Nf6 2. c4 c5 3. e3 g6 4. g3 Bg7 5. Bg2 cxd4 6. exd4 d5 7. c5 b6 8. cxb6
axb6 9. Nc3 Nc6 10. Nf3 Bg4 11. Be3 O-O 12. Qb3 Na5 13. Qb4 Bxf3 14. Bxf3 e6
15. O-O Rc8 16. Qa4 Nc4 17. Rab1 Nd7 18. Qd1 Nxb2 19. Rxb2 Rxc3 20. Qd2 Qc7 21.
Kg2 Rc8 22. Bd1 Qc4 23. Be2 Qc7 24. Bd1 Qa7 25. Qe2 R3c4 26. Qd3 Nb8 27. Bb3
Rc3 28. Qe2 Nc6 29. Rd1 Qa3 30. Rc2 Ne7 31. Rxc3 Rxc3 32. Bd2 Rc8 33. Qe1 Qa7
34. Be3 Nf5 35. Kf3 h5 36. h4 Qb7 37. Qd2 e5 38. dxe5 d4+ 0-1

[Event "Plzen, JF C"]
[Site "?"]
[Date "1999.??.??"]
[Round "2.27"]
[White "Novacek, K."]
[Black "Vojir, V jr"]
[Result "1-0"]
[WhiteElo "2102"]
[BlackElo "1768"]
[PlyCount "75"]
[EventDate "1999.??.??"]
[Source "ChessBase"]
[SourceDate "1996.11.15"]

1. e4 c6 2. d4 d5 3. e5 Bf5 4. g4 Be4 5. f3 Bg6 6. h4 h5 7. Bd3 Bxd3 8. Qxd3 e6
9. Bg5 Qc7 10. Nc3 Nd7 11. O-O-O Be7 12. Nh3 O-O-O 13. Bxe7 Nxe7 14. Ng5 Rdf8
15. Ne2 Qa5 16. Kb1 c5 17. c3 Nc6 18. Ng3 g6 19. gxh5 gxh5 20. f4 cxd4 21. cxd4
Nb4 22. Qb3 Nb6 23. Rc1+ Nc4 24. a3 Nc6 25. N3e4 Nd2+ 26. Nxd2 Qxd2 27. f5 Qxd4
28. fxe6 fxe6 29. Nxe6 Qe4+ 30. Ka2 Rf3 31. Qb5 Qd3 32. Rxc6+ bxc6 33. Qxc6+
Kb8 34. Qd6+ Ka8 35. Rc1 Qb3+ 36. Ka1 Rf7 37. Nc7+ Rxc7 38. Rxc7 1-0

[Event "Plzen, JF C"]
[Site "?"]
[Date "1999.??.??"]
[Round "3.2"]
[White "Civin, T."]
[Black "Konopka, M."]
[Result "0-1"]
[WhiteElo "2278"]
[BlackElo "2484"]
[PlyCount "80"]
[EventDate "1999.??.??"]
[Source "ChessBase"]
[SourceDate "1996.11.15"]

1. e4 Nf6 2. e5 Nd5 3. d4 d6 4. Nf3 Nb6 5. a4 a5 6. exd6 cxd6 7. Nbd2 g6 8.
Bb5+ Bd7 9. Qe2 Bg7 10. O-O O-O 11. Re1 Re8 12. Nc4 Bxb5 13. axb5 Nxc4 14. Qxc4
d5 15. Qd3 Nd7 16. h4 Nf6 17. Bf4 e6 18. Be5 Qe7 19. Ra4 Rec8 20. Rea1 Qd8 21.
b3 Ne4 22. Bxg7 Rc3 23. Qe2 Kxg7 24. b4 Rac8 25. Ne1 axb4 26. f3 Nd6 27. Qe5+
Kg8 28. Rxb4 Qe7 29. Rba4 Nxb5 30. h5 Nd6 31. Ra8 f6 32. Qf4 g5 33. Qd2 Rxa8
34. Rxa8+ Rc8 35. Rxc8+ Nxc8 36. Nd3 b6 37. g4 Nd6 38. Qb4 Qc7 39. Qa4 Kf7 40.
f4 gxf4 0-1